|
|
|
|
| LEADER |
00000nab a2200000 a 4500 |
| 001 |
vtls008825639 |
| 003 |
SK-MaSNL |
| 005 |
20260304150657.0 |
| 008 |
250506c2006 xo qr|p|||||||000 b|slo |
| 015 |
|
|
|a SNBRB2006/06
|2 snkbucl
|
| 035 |
|
|
|a (uuid)9d6112dc-8128-4ae4-a481-8a234e4c923a
|
| 035 |
|
|
|a urn:nbn:sk:snk-abxeb
|
| 035 |
|
|
|a (urnnbn)urn:nbn:sk:snk:ar-a04kc3
|
| 038 |
|
|
|a SNKBUCL
|
| 040 |
|
|
|a SNKBUCL
|b slo
|c SNKBUCL
|e AACR2
|
| 041 |
0 |
|
|a slo
|
| 044 |
|
|
|a xo
|c SK
|
| 080 |
|
|
|a 658.8:32
|x (048)
|2 1997
|
| 080 |
|
|
|a 339.138
|x (048)
|2 1997
|
| 080 |
|
|
|a 32
|x (048)
|2 1997
|
| 100 |
1 |
|
|a Strážovská, Helena,
|d 1934-
|4 aut
|9 199836
|
| 245 |
1 |
0 |
|a Recenzia na publikáciu Štensová, A. - Pčolinský, V.: Marketing v politike
|c Helena Strážovská
|
| 650 |
0 |
7 |
|a politika
|2 snkbucl
|9 968
|
| 650 |
0 |
7 |
|a marketing
|2 snkbucl
|9 2299
|
| 655 |
|
7 |
|a recenzie
|2 snkbucl
|9 21907
|
| 773 |
0 |
|
|t Nová ekonomika = The New Economy
|g Roč. 5., č. 1 (14) (2006), s. 130-131
|x 1336-1732
|
| 787 |
0 |
8 |
|i Rec.:
|a Štensová, Antónia
|t Marketing v politike
|d Bratislava : Ekonóm, 2005
|z 8022520748
|
| 787 |
0 |
8 |
|i Rec.:
|a Pčolinský, Vladimír
|t Marketing v politike
|d Bratislava : Ekonóm, 2005
|z 8022520748
|
| 850 |
|
|
|a Slovenská národná knižnica
|
| 852 |
|
|
|a Slovenská národná knižnica
|
| 954 |
|
|
|a odborná, vedecká literatúra pôvodná (slovenská)
|2 lita
|
| 958 |
|
|
|a article27
|
| 958 |
|
|
|a RC
|
| 958 |
|
|
|a OND
|
| 958 |
|
|
|a EUIPO
|
| 999 |
|
|
|c 2939021
|d 2940951
|